[Event "Moscow CC Mephi 1st League"]
[Site "Moscow"]
[Date "2009.02.20"]
[Round "5"]
[White "Kurumanov, Petr A"]
[Black "Mogoranskikh, Anton R"]
[Result "1-0"]
[WhiteElo "2287"]
[BlackElo "2100"]
[PlyCount "43"]
[EventDate "2009.02.16"]
[EventType "tourn"]
[EventRounds "15"]
[EventCountry "RUS"]
[EventCategory "1"]
[SourceTitle "CBM 129 Extra"]
[Source "ChessBase"]
[SourceDate "2009.05.05"]
[SourceVersion "2"]
[SourceVersionDate "2009.05.20"]
[SourceQuality "1"]

1. e4 e6 2. d4 d5 3. Nd2 c5 4. exd5 Qxd5 5. Ngf3 cxd4 6. Bc4 Qd6 7. 0-0 Nf6 8. Nb3 Nc6 9. Nbxd4 Nxd4 10. Nxd4 a6 11. Re1 Qc7 12. Qe2 Bc5 13. c3 b5 14. Bb3 h6 15. Nf5 0-0 16. Nxh6+ gxh6 17. Qf3 Be7 18. Bxh6 Bb7 19. Qh3 Rfd8 20. Re3 Ne4 21. Qg4+ Bg5 22. Rxe4 1-0